Psychoanalyse in der Bewährung : Methode, Theorie und Anwendung /

Guardado en:
Detalles Bibliográficos
Autor principal: Kutter, Peter (autor)
Formato: Libro
Idioma:Alemán
Colección:(Geist und Psyche)
Temas:
Etiquetas: Agrega una etiqueta
Sin etiquetas, Sé el primero en etiquetar este registro!

MARC

LEADER 00000nam^a2200000^a^4500
001 000073939
005 20250521000000.0
009 20260310091646.55
020 |a 3-546-42263-9 
037 |a Acervo ITESO - Biblioteca 
041 |a ALE 
082 |a 616. 8917  |b KUT 
100 |a Kutter, Peter  |e (autor) 
245 |a Psychoanalyse in der Bewährung :  |b Methode, Theorie und Anwendung /  |c P. Kutter. 
264 |a Frankfurt, Alemania :  |b Fischer,  |c 1984 
300 |a 250 p. 
336 |a texto  |b txt  |2 rdacontenido 
337 |a sin mediación  |b n  |2 rdamedio 
338 |a volumen  |b nc  |2 rdasoporte 
440 |a (Geist und Psyche) 
649 |a XX 
650 |a Psicoanálisis -  |x Técnica 
650 |a Psicoanálisis -  |x Técnica 
650 |a Psicoanálisis 
910 |a Fondo Armando Suárez Gómez 
920 |a Impresos - Libros 
930 |a Fondos Especiales 
905 |a 111 
901 |a 0700006187  |b IT2  |c ESP  |u 20250521 
902 |a https://opac.biblio.iteso.mx/vufind/Record/000073939